Puhutuimmat kielet Venäjällä - Statistics

Yleistilastot
  • Tätä visaa on pelattu 200 kertaa
  • Keskiarvotulos 6 / 20
Vastaustilastot
Puhujia # Kieli % Oikein
138,312,00 1. Venäjä
99%
7,574,302 2. Englanti
82%
1,300,00 8. Ukraina
80%
~3,000,000 4. Saksa
67%
563,000 14. Kazak
56%
463,000 17. Udmurtti
28%
940,000 9. Arménia
27%
451,000 19. Mari
26%
6,500,000 3. Tataari
24%
669,000 11. Azéri
23%
1,340,000 7. Tšetšeeni
22%
614,000 12. Mordva (Mokša & Ersä)
13%
450,000 20. Jakuutti
10%
1,450,000 6. Baškiiri
8%
1,640,000 5. Tšuvassi
6%
493,000 16. Osseetti
4%
784,000 10. Avaar
2%
587,000 13. Kabardi
2%
503,000 15. Dargi
1%
458,000 18. Kumyk
0%
Ehtoja vastaavia visoja ei löytynyt
Tulosjakauma
Jokaisen tuloksen saaneiden osuus
Persentiili vastausten määrän mukaan
Tuloshistoriasi
Et ole pelannut tätä visaa